[Event "Titled Tue 27th May Late"]
[Site "chess.com INT"]
[Date "2025.05.27"]
[Round "5"]
[White "Aliyev, Elnur"]
[Black "Zilberstein, Dmitry"]
[Result "1-0"]
[WhiteTitle "CM"]
[BlackTitle "IM"]
[WhiteElo "2155"]
[BlackElo "2358"]
[WhiteFideId "13402617"]
[BlackFideId "2010739"]
[EventDate "2025.05.27"]

1. Nf3 Nf6 2. b3 g6 3. Bb2 Bg7 4. g3 O-O 5. Bg2 b6 6. O-O Bb7 7. c4 a5 8. Nc3
Ne4 9. Qc2 Nxc3 10. Bxc3 a4 11. Bxg7 Kxg7 12. bxa4 d6 13. d4 Nd7 14. Rab1 Bc6
15. Nd2 Bxa4 16. Qc3 Ra5 17. c5 Kg8 18. Nc4 Ra7 19. cxb6 cxb6 20. Qb4 b5 21. Nb2
Qa5 22. Nd3 Nb6 23. Qxa5 Rxa5 24. Nb4 e6 25. Nc6 Ra6 26. d5 Nxd5 27. Bxd5 exd5
28. Ne7+ Kg7 29. Nxd5 Rc6 30. Rb2 Rfc8 31. Rfb1 Rc5 32. Ne3 Rc1+ 33. Kg2 Rxb1
34. Rxb1 Rc3 35. Rb2 h5 36. Nd5 Rc5 37. Nb4 h4 38. f3 hxg3 39. hxg3 Rc3 40. Kf2
Rc4 41. Ke1 Kf6 42. Kd2 Ke6 43. a3 Rc5 44. Rb1 Rg5 45. g4 f5 46. gxf5+ gxf5 47.
Rc1 f4 48. Rc8 Bb3 49. Re8+ Kd7 50. Rf8 Bc4 51. Rxf4 Rg2 52. Nd3 Ke6 53. Re4+
Kd5 54. Nf4+ 1-0

[Event "Titled Tue 27th May Late"]
[Site "chess.com INT"]
[Date "2025.05.27"]
[Round "5"]
[White "Galchenko, Matvey"]
[Black "Denishev, Marat"]
[Result "1-0"]
[WhiteTitle "IM"]
[BlackTitle "FM"]
[WhiteElo "2442"]
[BlackElo "2111"]
[WhiteFideId "24175480"]
[BlackFideId "24131563"]
[EventDate "2025.05.27"]

1. e4 c5 2. c3 d5 3. exd5 Nf6 4. Qa4+ Nbd7 5. Qb3 g6 6. Nf3 Bg7 7. c4 O-O 8. Be2
Rb8 9. a4 a6 10. Nc3 Ne8 11. O-O Nd6 12. a5 b5 13. axb6 Nxb6 14. Qa2 e6 15. dxe6
Bxe6 16. d3 Nf5 17. Bf4 Ra8 18. Rad1 Re8 19. Rfe1 h6 20. Ne4 g5 21. Be5 f6 22.
Bc3 Nd7 23. d4 Bf7 24. Ng3 Nxg3 25. hxg3 cxd4 26. Nxd4 Qc7 27. b3 Ne5 28. Nf5
Bf8 29. Ba5 Qc6 30. Qc2 Rac8 31. Bc3 Rb8 32. Nd4 Qb7 33. f4 Bg6 34. Qa2 Nd7 35.
Bf3 Qc7 36. Bd5+ Bf7 37. Ne6 Qb6+ 38. Bd4 Bc5 39. Nxc5 Nxc5 40. Qc2 Kg7 41. Bxf7
Kxf7 42. Qh7+ Kf8 43. Qxh6+ Kf7 44. Qh7+ Kf8 45. fxg5 Rxe1+ 46. Rxe1 fxg5 47.
Qg7# 1-0

[Event "Titled Tue 27th May Late"]
[Site "chess.com INT"]
[Date "2025.05.27"]
[Round "5"]
[White "Perez Rojas, Jorge"]
[Black "Kushko, Dmitriy"]
[Result "0-1"]
[WhiteTitle "FM"]
[BlackTitle "IM"]
[WhiteElo "2100"]
[BlackElo "2454"]
[WhiteFideId "3452093"]
[BlackFideId "14162261"]
[EventDate "2025.05.27"]

1. e4 d6 2. d4 Nf6 3. Nc3 g6 4. Be3 c6 5. Nf3 Qa5 6. Qd2 Nbd7 7. Be2 b5 8. e5 b4
9. exf6 bxc3 10. bxc3 Nxf6 11. Bd3 Bg4 12. c4 Qa4 13. c5 Bxf3 14. gxf3 dxc5 15.
dxc5 Bg7 16. Rb1 Nd5 17. O-O O-O 18. Be4 Rfd8 19. Rb3 Qxa2 20. Bd3 Qa4 21. Rfb1
Be5 22. c4 Nxe3 23. Qxe3 Bf6 24. Be4 Rac8 25. Rb4 Qa5 26. Rb7 Bd4 27. Qg5 Bxc5
28. h4 Qa3 29. Kg2 Bd6 30. h5 Qc5 31. Qg4 Qxh5 32. Qxh5 gxh5 33. Rh1 Kg7 34.
Rxh5 h6 35. Rxa7 c5 36. Bd5 Rf8 37. Rh4 Rg8 38. Rg4+ Kf6 39. Rxg8 Rxg8+ 40. Kf1
e6 41. Be4 Be5 42. Ra2 Bd4 43. Ke2 h5 44. f4 Rg4 45. Kf3 Rh4 0-1

[Event "Titled Tue 27th May Late"]
[Site "chess.com INT"]
[Date "2025.05.27"]
[Round "5"]
[White "Terry, Renato"]
[Black "Gabrielian, Artur"]
[Result "0-1"]
[WhiteTitle "IM"]
[BlackTitle "GM"]
[WhiteElo "2508"]
[BlackElo "2419"]
[WhiteFideId "3803457"]
[BlackFideId "4131002"]
[EventDate "2025.05.27"]

1. e4 c5 2. Nf3 d6 3. Bb5+ Bd7 4. Bxd7+ Qxd7 5. O-O Nc6 6. c3 d5 7. e5 e6 8. d4
Rc8 9. Be3 cxd4 10. Bxd4 Nge7 11. Bc5 Ng6 12. Bxf8 Kxf8 13. Re1 h5 14. h4 Rh6
15. Nbd2 Qc7 16. Qe2 Nge7 17. Nf1 Nf5 18. Ne3 Nxe3 19. Qxe3 Kg8 20. Rad1 Rg6 21.
Ng5 Rf8 22. Qe2 Rh6 23. c4 Ne7 24. cxd5 Nxd5 25. g3 Qe7 26. Rc1 Qb4 27. a3 Qb6
28. Rc2 a6 29. Rec1 Qd8 30. Qf3 Qe7 31. Rc8 g6 32. Ne4 Rh8 33. Rxf8+ Kxf8 34.
Nf6 Kg7 35. Nxd5 exd5 36. Qxd5 Rd8 37. Qe4 Rd2 38. b4 Qd7 39. Qf4 Rd1+ 40. Rxd1
Qxd1+ 41. Kh2 Qd5 42. a4 Kg8 43. a5 Kf8 44. Qf6 Ke8 45. Qh8+ Kd7 46. Qb8 Kc6 47.
Qe8+ Qd7 48. Qxd7+ Kxd7 49. f4 Kc6 50. g4 Kd5 51. Kg3 Ke4 0-1

[Event "Titled Tue 27th May Late"]
[Site "chess.com INT"]
[Date "2025.05.27"]
[Round "5"]
[White "Dambaev, Dashi"]
[Black "Kucza, Karol"]
[Result "0-1"]
[WhiteTitle "CM"]
[BlackTitle "FM"]
[WhiteElo "2211"]
[BlackElo "2316"]
[WhiteFideId "55628494"]
[BlackFideId "1159755"]
[EventDate "2025.05.27"]

1. e4 e5 2. Nf3 Nc6 3. Bc4 Bc5 4. d3 Nf6 5. O-O d6 6. h3 O-O 7. a4 a5 8. c3 Be6
9. Nbd2 Bxc4 10. Nxc4 Re8 11. Re1 h6 12. Be3 Bxe3 13. Nxe3 Qd7 14. Qb3 b6 15.
Qb5 Rad8 16. Nc4 Nh5 17. Rad1 Nf4 18. d4 exd4 19. cxd4 d5 20. exd5 Rxe1+ 21.
Rxe1 Qxd5 22. Qxd5 Rxd5 23. Re8+ Kh7 24. Nfe5 Nxe5 25. dxe5 Rd4 26. b3 Rd3 27.
Re7 Rxb3 28. Rxc7 Rb4 29. Rc6 Nd5 30. Rd6 Rxc4 31. Rxd5 Rxa4 32. Rd7 Re4 33. Rb7
Rb4 34. Rxf7 a4 35. e6 Kg6 36. Rf8 Re4 37. f4 b5 38. f5+ Kg5 39. g4 a3 40. Ra8
b4 41. Kf2 Kf6 42. Kf3 Re1 43. Ra4 g6 44. fxg6 Kxg6 0-1

[Event "Titled Tue 27th May Late"]
[Site "chess.com INT"]
[Date "2025.05.27"]
[Round "5"]
[White "Vlassov, Nikolai"]
[Black "Tahbaz, Arash"]
[Result "0-1"]
[WhiteTitle "IM"]
[BlackTitle "IM"]
[WhiteElo "2291"]
[BlackElo "2462"]
[WhiteFideId "4103360"]
[BlackFideId "12528846"]
[EventDate "2025.05.27"]

1. e4 d5 2. exd5 Qxd5 3. Nc3 Qa5 4. Nf3 Nf6 5. d4 c6 6. Ne5 Be6 7. Nc4 Qc7 8. g3
g6 9. Bf4 Qd8 10. Qd2 Bg7 11. O-O-O O-O 12. Bh6 b5 13. Bxg7 Kxg7 14. Ne5 b4 15.
Nb1 Bxa2 16. Qxb4 Bxb1 17. Kxb1 Nd5 18. Qc5 Nd7 19. Nxd7 Qxd7 20. Bg2 Rab8 21.
Bxd5 cxd5 22. Rhe1 e6 23. Re3 Rfc8 24. Qa3 Rc4 25. b3 Qc6 26. Rd2 a5 27. Kc1
Rcb4 28. Rdd3 a4 29. Rc3 Qb6 30. Red3 Rxd4 31. bxa4 Rb4 32. Rb3 Qa5 33. Rxb4
Rxb4 34. Rb3 Rxa4 35. Qb2+ d4 36. Rd3 Ra1+ 37. Qxa1 Qxa1+ 38. Kd2 Qf1 39. Rf3
Qg2 40. Ke2 e5 41. h4 f5 42. h5 e4 43. Rf4 Kf6 44. hxg6 hxg6 45. g4 Ke5 0-1

[Event "Titled Tue 27th May Late"]
[Site "chess.com INT"]
[Date "2025.05.27"]
[Round "5"]
[White "Winslow, Elliott"]
[Black "Onur, Cigdem"]
[Result "0-1"]
[WhiteTitle "IM"]
[BlackTitle "WCM"]
[WhiteElo "2004"]
[BlackElo "1966"]
[WhiteFideId "2002523"]
[BlackFideId "6346030"]
[EventDate "2025.05.27"]

1. e4 c5 2. Nf3 Nc6 3. d4 cxd4 4. Nxd4 Nf6 5. Nc3 e5 6. Ndb5 d6 7. Bg5 a6 8. Na3
b5 9. Nd5 Be7 10. Bxf6 Bxf6 11. c3 Bg5 12. Nc2 O-O 13. a4 bxa4 14. Rxa4 a5 15.
h4 Bh6 16. b4 Bd7 17. b5 Ne7 18. Nce3 Bxe3 19. Nxe3 Qb6 20. c4 f5 21. exf5 Nxf5
22. Qd2 Nd4 23. Bd3 Nb3 24. Qc2 Nc5 25. Bxh7+ Kh8 26. Ra3 e4 27. Bg6 Nd3+ 28.
Rxd3 exd3 29. Qxd3 Qc5 30. h5 Qb4+ 31. Kf1 Qb2 32. f3 Qc1+ 33. Nd1 a4 34. Kf2 a3
35. h6 gxh6 36. Qd4+ Kg8 37. Ne3 Qb2+ 38. Qxb2 axb2 39. Rb1 Ra1 40. Rxb2 Kg7 41.
Be4 Be6 42. b6 Rb8 43. b7 Kf6 44. Nd5+ Ke5 45. Rb5 Kd4 46. Kg3 Bxd5 0-1

[Event "Titled Tue 27th May Late"]
[Site "chess.com INT"]
[Date "2025.05.27"]
[Round "5"]
[White "Brozynski, Patryk"]
[Black "Kracht, Raphael"]
[Result "1-0"]
[WhiteTitle "CM"]
[BlackTitle "CM"]
[WhiteElo "2219"]
[BlackElo "2194"]
[WhiteFideId "2512700"]
[BlackFideId "16214382"]
[EventDate "2025.05.27"]

1. Nf3 g6 2. e3 Bg7 3. d4 d5 4. b3 Nf6 5. Bb2 O-O 6. Be2 b6 7. O-O Bb7 8. c4 c5
9. Nbd2 Re8 10. Rc1 Nc6 11. cxd5 Nxd5 12. Nc4 cxd4 13. Nxd4 Nxd4 14. Bxd4 e5 15.
Bb2 b5 16. Nd2 a6 17. Bf3 Qb6 18. Ne4 Rad8 19. Qe2 f5 20. Nc5 e4 21. Bxg7 exf3
22. Qb2 fxg2 23. Rfd1 Nf4 24. exf4 Qxc5 25. Rxd8 Rxd8 26. Bf6 Re8 27. h4 Qd6 28.
Bh8 Re7 29. Be5 Qd3 30. Qc3 Qe4 31. Rd1 Kf7 32. Bh8 Ke8 33. Bf6 Rd7 34. Re1 Kf7
35. Rxe4 Bxe4 36. f3 Bd5 37. Kxg2 Be6 38. Bd4 Bd5 39. Kg3 Be6 40. Be5 Bd5 41.
Qc5 Be6 42. Qc6 Rd3 43. Qb7+ Ke8 44. Qb8+ Kd7 45. Qb7+ Ke8 46. Bf6 Bd7 47. Qxa6
Rd1 48. Qb6 Rg1+ 49. Qxg1 1-0

[Event "Titled Tue 27th May Late"]
[Site "chess.com INT"]
[Date "2025.05.27"]
[Round "5"]
[White "Robert, Yoann"]
[Black "Dominguez, Ramiro"]
[Result "1/2-1/2"]
[WhiteTitle "CM"]
[BlackTitle "FM"]
[WhiteElo "2198"]
[BlackElo "2185"]
[WhiteFideId "36018805"]
[BlackFideId "4420055"]
[EventDate "2025.05.27"]

1. b3 e5 2. Bb2 Nc6 3. e3 Nf6 4. c4 d5 5. cxd5 Nxd5 6. a3 Bd6 7. Qc2 O-O 8. Nf3
Bg4 9. Be2 Qe7 10. d3 Kh8 11. h3 Bh5 12. Nbd2 f5 13. b4 a6 14. Rc1 Rae8 15. Nb3
e4 16. dxe4 fxe4 17. Nfd4 Bxb4+ 18. axb4 Ncxb4 19. Qc5 Qf7 20. O-O Bxe2 21. Nxe2
Nd3 22. Qd4 b6 23. Rc6 N5b4 24. Rc4 c5 25. Qc3 Nxf2 26. Qxg7+ Qxg7 27. Bxg7+
Kxg7 28. Rxf2 Rxf2 29. Kxf2 Nd3+ 30. Kg1 b5 31. Rc2 c4 32. Nbd4 Rc8 33. Nc3 b4
34. Nxe4 c3 35. Nb3 a5 36. Nxa5 Re8 37. Nf2 Rxe3 38. Nxd3 Rxd3 39. Nb3 Rd1+ 40.
Kf2 Rb1 41. Nd4 Rb2 42. Ke3 Rxc2 43. Nxc2 b3 44. Na3 b2 45. Kd3 Kf6 46. Kxc3 Kf5
47. Kxb2 Kf4 48. Nc2 Kg3 49. Ne1 Kf2 50. g4 Kg3 51. Nd3 Kxh3 52. Ne5 Kh4 53. Kc3
h5 54. gxh5 Kxh5 1/2-1/2

[Event "Titled Tue 27th May Late"]
[Site "chess.com INT"]
[Date "2025.05.27"]
[Round "5"]
[White "Carlsson, Ludvig"]
[Black "Panarin, Mikhail"]
[Result "0-1"]
[WhiteTitle "IM"]
[BlackTitle "GM"]
[WhiteElo "2374"]
[BlackElo "2562"]
[WhiteFideId "1727010"]
[BlackFideId "4153251"]
[EventDate "2025.05.27"]

1. Nf3 c5 2. c4 Nc6 3. Nc3 Nf6 4. d4 cxd4 5. Nxd4 g6 6. e4 d6 7. Be2 Nxd4 8.
Qxd4 Bg7 9. O-O O-O 10. Qd3 a5 11. Be3 a4 12. Rac1 Qa5 13. Bd4 Be6 14. Nd5 Bxd5
15. exd5 Nd7 16. Bxg7 Kxg7 17. Qd4+ Kg8 18. Rfe1 Qb6 19. Qxb6 Nxb6 20. Bd3 Rfe8
21. Rc2 Kf8 22. g3 Rec8 23. Kg2 Rc7 24. Ree2 Nd7 25. Re3 Ra5 26. f4 Nb6 27. Kf3
Rac5 28. Re4 Nxd5 29. cxd5 Rxc2 30. Bxc2 Rxc2 31. Rb4 Rxh2 32. Rxb7 f5 33. Rb5
h5 34. Ke3 Kf7 35. Rb4 Kf6 36. a3 Rg2 37. Kf3 Rd2 38. Ke3 Rg2 39. Kf3 Rc2 40.
Ke3 g5 41. fxg5+ Kxg5 42. Kf3 Rd2 43. Ke3 Rxd5 44. Rxa4 e5 45. Rc4 e4 46. a4
Rd3+ 47. Kf2 Rb3 48. Rc2 Rb4 49. a5 Ra4 50. Rc6 Rxa5 51. Rxd6 Rb5 52. Rd2 Rb3
53. Rc2 Kg4 54. Rc8 Rxb2+ 55. Ke3 Rb3+ 56. Kf2 Rf3+ 57. Ke2 Rxg3 58. Rg8+ Kf4
59. Rf8 Rg2+ 60. Kf1 Ra2 0-1

[Event "Titled Tue 27th May Late"]
[Site "chess.com INT"]
[Date "2025.05.27"]
[Round "5"]
[White "Ragger, Markus"]
[Black "Becking, Stephan"]
[Result "1/2-1/2"]
[WhiteTitle "GM"]
[BlackTitle "IM"]
[WhiteElo "2566"]
[BlackElo "2410"]
[WhiteFideId "1610856"]
[BlackFideId "4632478"]
[EventDate "2025.05.27"]

1. d4 Nf6 2. c4 e6 3. Nf3 Bb4+ 4. Bd2 Qe7 5. g3 O-O 6. Bg2 Bxd2+ 7. Qxd2 d6 8.
O-O Nc6 9. Nc3 e5 10. d5 Nb8 11. e4 a5 12. Ne1 Na6 13. Nd3 Nc5 14. Nxc5 dxc5 15.
f4 Ne8 16. fxe5 Qxe5 17. Qf4 f6 18. Qxe5 fxe5 19. Na4 b6 20. b3 Nd6 21. Rxf8+
Kxf8 22. Nb2 Bd7 23. a4 Re8 24. Nd3 g6 25. Kf2 Kg7 26. Ke3 Re7 27. Rf1 Ne8 28.
Bf3 Nf6 29. Be2 Bg4 30. Nf2 Bxe2 31. Kxe2 h6 32. Ke3 Rf7 33. h3 Nd7 34. Re1 Nf6
35. Nd3 Re7 36. Rf1 Ne8 37. Rf3 Nd6 38. Nf2 Rf7 39. Ng4 Rxf3+ 40. Kxf3 Nf7 41.
h4 h5 42. Nf2 Kf6 43. g4 Nd6 44. gxh5 gxh5 45. Nh1 Kg6 46. Ng3 Ne8 47. Nf5 Nd6
48. Ng3 Ne8 49. Ke2 Nd6 50. Ke3 Ne8 51. Ne2 Nd6 52. Nc3 Ne8 53. Nb5 Kf6 54. Kf3
Ke7 55. Ke3 Kf6 56. Nc3 Nd6 57. Ne2 Ne8 58. Kf2 Nd6 59. Kf3 Kg6 60. Ng3 1/2-1/2

[Event "Titled Tue 27th May Late"]
[Site "chess.com INT"]
[Date "2025.05.27"]
[Round "5"]
[White "Svane, Frederik"]
[Black "Moroni, Luca Jr"]
[Result "1/2-1/2"]
[WhiteTitle "GM"]
[BlackTitle "GM"]
[WhiteElo "2671"]
[BlackElo "2546"]
[WhiteFideId "12923044"]
[BlackFideId "865834"]
[EventDate "2025.05.27"]

1. e4 g6 2. d4 Bg7 3. Nf3 d6 4. c3 Nf6 5. Bd3 O-O 6. O-O Nc6 7. Re1 e5 8. h3 Nh5
9. Be3 h6 10. Nbd2 Qf6 11. Bf1 Nf4 12. Kh2 g5 13. g3 Ng6 14. Bg2 g4 15. hxg4
Bxg4 16. Qb3 Rab8 17. dxe5 dxe5 18. Qc4 Rfd8 19. b4 a6 20. a4 b5 21. Qb3 Rd6 22.
axb5 axb5 23. Bc5 Rd3 24. Re3 Rxe3 25. Bxe3 Nd8 26. Qd5 c6 27. Qc5 Rc8 28. Qb6
Ne6 29. Qb7 Rc7 30. Qb8+ Kh7 31. Ra8 Bf8 32. Kg1 Rd7 33. Nh2 Be2 34. Bh3 Rd8 35.
Qb7 Rxa8 36. Qxa8 Ng5 37. Bf5 Kg7 38. Ng4 Qd6 39. Bxg6 Qxg6 40. Nxe5 Qh5 41. Nd7
Be7 42. Bd4+ f6 43. Bxf6+ Kf7 44. Bxe7 Nh3+ 45. Kg2 Nf4+ 46. Kg1 Nh3+ 47. Kg2
Nf4+ 48. gxf4 Qg4+ 49. Kh2 Qh5+ 50. Kg2 Qg4+ 51. Kh1 Qh3+ 52. Kg1 Qg4+ 53. Kh2
Qh5+ 54. Kg3 Qg4+ 55. Kh2 1/2-1/2

[Event "Titled Tue 27th May Late"]
[Site "chess.com INT"]
[Date "2025.05.27"]
[Round "5"]
[White "Amarasinghe, A A C B"]
[Black "Danzer, George"]
[Result "0-1"]
[WhiteTitle "CM"]
[BlackTitle "CM"]
[WhiteElo "1949"]
[BlackElo "2172"]
[WhiteFideId "9901809"]
[BlackFideId "4659465"]
[EventDate "2025.05.27"]

1. d4 Nf6 2. c4 g6 3. g3 Bg7 4. Bg2 O-O 5. Nf3 c6 6. O-O d5 7. cxd5 cxd5 8. Nc3
Bf5 9. Bf4 Nc6 10. Nh4 Bg4 11. h3 Be6 12. Be5 Qd7 13. Kh2 Nxe5 14. dxe5 Ne4 15.
Nxe4 dxe4 16. Qxd7 Bxd7 17. Bxe4 Bxe5 18. Rad1 Be6 19. b3 Rab8 20. f4 Bf6 21. f5
Bc8 22. fxg6 hxg6 23. Nf3 Kg7 24. g4 Rh8 25. Kg3 Be6 26. Rc1 Rhc8 27. Rxc8 Rxc8
28. g5 Bb2 29. Rb1 Ba3 30. Nd4 Bd6+ 31. Kg2 Bd7 32. Bxb7 Rc3 33. Bf3 Be5 34. Rd1
Bc8 35. Nc6 Bd6 36. b4 a6 37. a4 Ra3 38. b5 axb5 39. axb5 Rb3 40. Nd4 Rb2 41.
Rc1 Bd7 42. Bc6 Bf5 43. Nxf5+ gxf5 44. Rf1 Rxe2+ 45. Kf3 Rb2 46. Ke3 Rb3+ 47.
Kd4 Rxh3 48. Rxf5 Rh4+ 49. Kd5 Kg6 0-1

[Event "Titled Tue 27th May Late"]
[Site "chess.com INT"]
[Date "2025.05.27"]
[Round "5"]
[White "Pyrih, Roman"]
[Black "Kuznetsov, Felix"]
[Result "1-0"]
[WhiteTitle "FM"]
[BlackTitle "FM"]
[WhiteElo "2429"]
[BlackElo "2170"]
[WhiteFideId "14179156"]
[BlackFideId "34147990"]
[EventDate "2025.05.27"]

1. Nc3 c5 2. Nf3 Nc6 3. d4 cxd4 4. Nxd4 Nf6 5. Bg5 e6 6. Qd3 Be7 7. O-O-O d5 8.
Kb1 O-O 9. h4 e5 10. Nf5 Bxf5 11. Qxf5 d4 12. Ne4 Nxe4 13. Qxe4 f5 14. Qf3 e4
15. Qb3+ Kh8 16. e3 Bxg5 17. hxg5 Qxg5 18. exd4 Rad8 19. c3 b6 20. Bb5 Ne7 21.
Qe6 Ng6 22. g3 h6 23. Be2 Rf6 24. Qc4 Rfd6 25. Qb5 Rd5 26. Qa4 Qe7 27. Bc4 R5d6
28. Rh5 f4 29. gxf4 Nxf4 30. Re5 Qxe5 31. dxe5 Rxd1+ 32. Kc2 R1d2+ 33. Kb3 Nd3
34. Qxa7 Rxb2+ 35. Ka3 Rc2 36. Kb3 Rb2+ 37. Ka3 Rc2 38. e6 Rxc3+ 39. Bb3 Rcc8
40. Ba4 Rc3+ 41. Bb3 Rcc8 42. e7 Re8 43. Qxb6 Ra8+ 44. Ba4 Rxe7 45. Kb3 Rea7 46.
Bc6 Ra3+ 47. Kc4 Rc8 48. Kd4 Rxa2 49. Bxe4 Nc5 50. Bf5 Ra4+ 51. Ke3 Re8+ 52. Kf3
Ra3+ 53. Kg2 Rc3 54. Qg6 1-0

[Event "Titled Tue 27th May Late"]
[Site "chess.com INT"]
[Date "2025.05.27"]
[Round "5"]
[White "Montano Vicente, Guadalupe"]
[Black "Guliev, Gasan"]
[Result "0-1"]
[BlackTitle "CM"]
[WhiteElo "1940"]
[BlackElo "2123"]
[WhiteFideId "5181399"]
[BlackFideId "34165638"]
[EventDate "2025.05.27"]

1. d4 d5 2. c4 c6 3. Nf3 Nf6 4. Nc3 e6 5. Bg5 h6 6. Bh4 Qa5 7. Nd2 Bb4 8. Bxf6
gxf6 9. Qb3 Nd7 10. e3 Nb6 11. Rc1 Rg8 12. a3 Bxc3 13. Qxc3 Qxc3 14. Rxc3 Nxc4
15. Nxc4 dxc4 16. Rxc4 e5 17. dxe5 fxe5 18. Rc5 f6 19. g3 Be6 20. Be2 O-O-O 21.
Rf1 Bh3 22. Rg1 Be6 23. Rf1 Kc7 24. f4 e4 25. f5 Bd5 26. Rf4 Rg5 27. Rc3 Re8 28.
Bc4 Kd6 29. Bxd5 cxd5 30. g4 h5 31. h3 hxg4 32. hxg4 Rh8 33. Kd2 Rh2+ 34. Kc1
Rh4 35. Rc8 Rhxg4 36. Rd8+ Kc6 37. Rxg4 Rxg4 38. Rf8 Rg1+ 39. Kd2 Rg2+ 40. Kc3
Re2 41. Rxf6+ Kb5 42. Kd4 Rd2+ 43. Ke5 d4 44. Kxe4 dxe3 45. Kxe3 Rxb2 46. Rf7
Ka4 47. f6 a5 48. Rf8 Rb6 49. f7 Rf6 50. Rb8 Rxf7 0-1

[Event "Titled Tue 27th May Late"]
[Site "chess.com INT"]
[Date "2025.05.27"]
[Round "5"]
[White "Sjugirov, Sanan"]
[Black "Donchenko, Alexander"]
[Result "0-1"]
[WhiteTitle "GM"]
[BlackTitle "GM"]
[WhiteElo "2638"]
[BlackElo "2615"]
[WhiteFideId "4189302"]
[BlackFideId "24603295"]
[EventDate "2025.05.27"]

1. c4 Nf6 2. g3 g6 3. Bg2 Bg7 4. Nc3 O-O 5. d4 Nc6 6. e3 d6 7. Nge2 e5 8. O-O
Bd7 9. h3 Re8 10. b3 h5 11. Bb2 a6 12. Nd5 Rb8 13. Rc1 Bf5 14. Nxf6+ Bxf6 15. d5
Ne7 16. e4 Bd7 17. f4 c5 18. Qd2 Bg7 19. fxe5 dxe5 20. Rf2 Nc8 21. b4 b6 22.
bxc5 bxc5 23. Ba3 Qb6 24. Qe3 Bf8 25. Rcf1 Nd6 26. Bxc5 Qc7 27. Bxd6 Bxd6 28.
Qf3 Rf8 29. Kh2 Bc5 30. Rc1 Rb2 31. Rff1 Rxa2 32. Nc3 Rb2 33. d6 Qxd6 34. Nd5
Kg7 35. Qc3 Bd4 36. Qa5 Qe6 37. g4 hxg4 38. Rf6 g3+ 39. Kh1 Qe8 40. Rcf1 Be6 41.
Nc7 Qe7 42. Nxe6+ fxe6 43. Rxf8 Qh4 44. R8f7+ Kh6 45. Rh7+ Kxh7 46. Qc7+ Kh6 47.
Qf7 Rxg2 48. Kxg2 Qxe4+ 49. Qf3 Qc2+ 50. Kxg3 Qxc4 51. Qe4 Qxf1 52. Qh4+ Kg7 53.
Qe7+ Qf7 54. Qd6 Qf4+ 55. Kg2 Qe4+ 56. Kg3 Qe3+ 57. Kg4 Qe2+ 58. Kg3 Qf2+ 59.
Kg4 Qf4# 0-1

[Event "Titled Tue 27th May Late"]
[Site "chess.com INT"]
[Date "2025.05.27"]
[Round "5"]
[White "Rosen, Eric"]
[Black "Danila, Tudor-Gabriel"]
[Result "1-0"]
[WhiteTitle "IM"]
[BlackTitle "CM"]
[WhiteElo "2377"]
[BlackElo "2178"]
[WhiteFideId "2032562"]
[BlackFideId "1274244"]
[EventDate "2025.05.27"]

1. d4 Nf6 2. Bf4 e6 3. e3 c5 4. Nf3 cxd4 5. exd4 b6 6. Nbd2 Bb7 7. h3 Be7 8. Bd3
O-O 9. O-O d6 10. c3 Nbd7 11. Re1 Re8 12. Qc2 h6 13. a4 a6 14. Qd1 Bf8 15. Bh2
Qc8 16. Nc4 Qc7 17. Qe2 Bc6 18. Ne3 Qb7 19. Nc4 e5 20. dxe5 dxe5 21. Bf5 g6 22.
Bxd7 Nxd7 23. b3 Bxf3 24. Qxf3 Qxf3 25. gxf3 f6 26. Red1 Rad8 27. Ne3 a5 28. Nd5
Kf7 29. Rab1 Rb8 30. Nc7 Red8 31. f4 e4 32. f5 gxf5 33. Rd5 Nc5 34. Rxf5 Bd6 35.
Bxd6 Rxd6 36. Nb5 Rd3 37. Rh5 Rg8+ 38. Kf1 Kg6 39. Rh4 h5 40. Re1 Kg5 41. Rhxe4
Nxe4 42. Rxe4 Rxh3 43. Nd4 f5 44. Re5 Kf6 45. Rxf5+ Ke7 46. Re5+ Kd6 47. Re6+
Kd7 48. Rxb6 Rxc3 49. Rb7+ Kc8 50. Ra7 Kb8 51. Rxa5 Rc1+ 52. Ke2 Rh8 53. Rb5+
Kc8 54. Ra5 h4 55. Ra8+ Kb7 56. Rxh8 Rb1 57. Rxh4 Rb2+ 58. Kf1 Kc7 59. Kg2 Kd6
60. Rh5 Rd2 61. Nf3 Rd3 62. Rb5 Kc6 63. Ne5+ 1-0

[Event "Titled Tue 27th May Late"]
[Site "chess.com INT"]
[Date "2025.05.27"]
[Round "5"]
[White "Svane, Rasmus"]
[Black "Gelman, Alexander"]
[Result "1-0"]
[WhiteTitle "GM"]
[BlackTitle "IM"]
[WhiteElo "2629"]
[BlackElo "2403"]
[WhiteFideId "4657101"]
[BlackFideId "4118316"]
[EventDate "2025.05.27"]

1. Nf3 Nf6 2. g3 c5 3. Bg2 e6 4. O-O Be7 5. c4 O-O 6. Nc3 a6 7. d4 cxd4 8. Nxd4
d6 9. b3 Qc7 10. Bb2 Nbd7 11. Rc1 Ne5 12. e3 Bd7 13. Qe2 Rac8 14. h3 Qb8 15. f4
Ng6 16. g4 h6 17. Qf2 b5 18. g5 hxg5 19. fxg5 Nh7 20. cxb5 axb5 21. h4 Ne5 22.
Rcd1 d5 23. Bh3 Bd6 24. Nce2 Ng6 25. Nf4 Nxf4 26. exf4 b4 27. Kh1 Rc3 28. Bxc3
bxc3 29. Rd3 Rc8 30. Rc1 Qb4 31. Qe3 Qa3 32. g6 Nf8 33. gxf7+ Kxf7 34. Rcxc3
Rxc3 35. Rxc3 Qxa2 36. Nf3 Qb1+ 37. Rc1 Qg6 38. Ne5+ Bxe5 39. fxe5 Kg8 40. Rg1
Qh5 41. Qg5 Qf3+ 42. Kh2 g6 43. h5 d4 44. hxg6 Bc6 45. g7 Qf2+ 46. Rg2 Bxg2 47.
gxf8=Q+ Kxf8 48. Qxg2 Qf4+ 49. Qg3 Qd2+ 50. Bg2 d3 51. Qf3+ Ke7 52. Qf6+ Kd7 53.
Qf7+ Kd8 54. Qxe6 Qf4+ 55. Kh3 Qe3+ 56. Kg4 d2 57. Qd6+ Ke8 58. Bc6+ Kf7 59.
Qf6+ Kg8 60. Bd5+ Kh7 61. Qf5+ Kg7 62. Qf7+ Kh6 63. Qf8+ Kg6 64. Bf7+ Kh7 65.
Qg8+ Kh6 66. Qg6# 1-0

[Event "Titled Tue 27th May Late"]
[Site "chess.com INT"]
[Date "2025.05.27"]
[Round "5"]
[White "Montiel, Angel Nathanael"]
[Black "Thorhallsson, Simon"]
[Result "0-1"]
[WhiteTitle "CM"]
[BlackTitle "FM"]
[WhiteElo "2011"]
[BlackElo "2218"]
[WhiteFideId "3706923"]
[BlackFideId "2310090"]
[EventDate "2025.05.27"]

1. f4 d5 2. Nf3 g6 3. e3 Bg7 4. d4 Nh6 5. Bd3 O-O 6. O-O c5 7. c3 Qc7 8. Ne5 Bf5
9. Na3 Bxd3 10. Qxd3 Nf5 11. Nc2 Nd6 12. Bd2 c4 13. Qe2 Nd7 14. Be1 Nf6 15. Bh4
Nfe4 16. Ne1 b5 17. N1f3 a5 18. Nd2 b4 19. Nxe4 Nxe4 20. Be1 bxc3 21. Bxc3 Rfb8
22. Nf3 a4 23. Nd2 Nxc3 24. bxc3 Rb2 25. e4 dxe4 26. Qxe4 Rab8 27. Nf3 e6 28.
Rf2 Rxf2 29. Kxf2 Rb2+ 30. Kg1 Qb7 31. Qxb7 Rxb7 32. Rd1 Rb2 33. Rd2 a3 34. Kf2
Bf6 35. Ke2 Bd8 36. Kd1 Ba5 37. Rc2 Rb1+ 38. Ke2 Bc7 39. g3 Rh1 40. Ke3 f6 41.
Nd2 Rxh2 42. Rc1 g5 43. Rb1 gxf4+ 44. gxf4 Bxf4+ 45. Kxf4 Rxd2 46. Rb6 Kf7 47.
Rb7+ Kg6 48. Rb6 Rxa2 49. Rxe6 Ra1 50. Re2 a2 51. Ke4 h5 52. d5 h4 53. d6 Rd1
54. Rxa2 Rxd6 55. Kf4 Rd3 56. Rc2 h3 57. Kg4 f5+ 58. Kh4 Kf6 59. Kh5 h2 60. Rxh2
Rd8 61. Kh4 Rh8+ 62. Kg3 Rxh2 63. Kxh2 Ke5 64. Kg3 Ke4 65. Kf2 Kf4 66. Ke2 Kg3
67. Kf1 Kf3 68. Ke1 Kg2 69. Ke2 f4 70. Kd2 f3 71. Ke3 f2 72. Kd4 f1=Q 73. Kc5
Qd3 74. Kb4 Kf3 75. Ka4 Qxc3 76. Kb5 Ke4 77. Ka4 Qb2 78. Ka5 c3 79. Ka6 c2 80.
Ka5 c1=Q 81. Ka4 Qca1# 0-1